|
|
|
|
| LEADER |
00916cam a2200229 7i4500 |
| 001 |
0000056452 |
| 005 |
20201210090000.0 |
| 020 |
|
|
|a 9781933864006 (electronic book)
|
| 090 |
0 |
0 |
|a RC382
|b .P37 2008
|
| 245 |
0 |
0 |
|a Parkinson's disease :
|b diagnosis and clinical management
|c edited by Stewart A. Factor, William J. Weiner.
|
| 250 |
|
|
|a Second edition.
|
| 264 |
|
1 |
|a New York:
|b Demos Medical Publishing,
|c 2008.
|
| 300 |
|
|
|a 1 online resource (819 pages):
|b illustrations, text file, PDF.
|
| 336 |
|
|
|a text
|2 rdacontent
|
| 337 |
|
|
|a computer
|2 rdamedia
|
| 338 |
|
|
|a online resource
|2 rdacarrier
|
| 650 |
|
0 |
|a Parkinson's disease
|
| 655 |
|
0 |
|a Electronic books
|
| 856 |
4 |
2 |
|u http://library.unisel.edu.my/equip-unisel/custom/ebook_catalog/ebook/ParkinsonsDiseaseDiagnosisandClinicalManagement.pdf
|
| 997 |
|
|
|a Health Sciences, Faculty
|
| 998 |
|
|
|a Nursing, Diploma
|
| 999 |
|
|
|a EBO0002615
|b EBOOK
|c EBOOK
|e Electronic resources
|